| 000 | 00935nam a22002297a 4500 | ||
|---|---|---|---|
| 005 | 20251211151750.0 | ||
| 008 | s2556 th j tha d | ||
| 020 | _a9789741403790 | ||
| 041 | _atha | ||
| 050 | _aSC บ691จ 2556 | ||
| 100 | 0 | _aเพ็ญพิสาข์ ศรีวรนารถ, ผู้แปล | |
| 245 | 1 | 0 | _aจะเล่าให้คุณฟัง = Dejame que te cuente [3rd] |
| 260 | 3 |
_aกรุงเทพฯ : _bผีเสื้อสเปน, _c2556 |
|
| 300 |
_a480 หน้า ; _b 15 ซม. |
||
| 650 | 0 | 4 | _aวรรณกรรมแปล |
| 650 | 0 | 4 | _aเรื่องสั้น -- แง่จิตวิทยา |
| 850 | _aNALT | ||
| 942 |
_cSHT _01 |
||
| 997 | _a47489 | ||
| 997 | _c000000000077157 | ||
| 998 |
_aนางสาวอรุณทิพย์ จันทร์ดิษฐ์ _j111 _k นางสาวพจพิณ พรมเอี่ยม |
||
| 999 |
_c77157 _d77157 |
||